000
00298nam a2200109Ia 4500
008
201231s9999 xx 000 0 und d
100
_a
Stone, Diane
245
0
_a
Capturing the Political Imagination : Think Tanks and the Policy Process
260
_a
London
_b
Frank Cass
300
_a
331
942
_c
BK
999
_c
9718
_d
9718